| 000 | 00679nam a2200265 a 4500 | ||
|---|---|---|---|
| 001 | 31635 | ||
| 003 | AR-BaAGN | ||
| 005 | 20240228114057.0 | ||
| 007 | ta | ||
| 008 | 220625s2004 ag |||||r|||| ||||||spa d | ||
| 020 | _a9875660116 | ||
| 040 |
_dAR-BaAGN _aAR-BaAGN _bspa _eaacr |
||
| 100 | 1 |
_aGrondona, Mariano, _d1932- _96957 |
|
| 245 | 1 | 0 | _aBajo el imperio de las ideas morales |
| 250 | _a1ª ed. | ||
| 260 |
_aBuenos Aires : _bDebolsillo, _c2004. |
||
| 300 | _a272 páginas | ||
| 336 |
_2rdacontent _btxt |
||
| 337 |
_2rdamedia _bn |
||
| 338 |
_2rdacarrier _bnc |
||
| 650 | 4 |
_aENSAYO _91430 |
|
| 650 |
_aLITERATURA ARGENTINA _92273 |
||
| 942 | _cLIBRO | ||
| 999 |
_c31635 _d31635 |
||